English to French - 500 Verbs - Statistics

General Stats
  • This quiz has been taken 248 times
  • The average score is 129 of 500
Answer Stats
Hint Answer % Correct
Understand Comprendre
90%
Seek, look for, search Chercher, rechercher
86%
Forgive, pardon, excuse Pardonner, excuser
84%
Verify, check Vérifier, contrôler
81%
Receive, get Recevoir
73%
Be Être
71%
Go Aller
70%
Begin, start, commence Commencer, débuter
69%
Die Mourir, décéder, succomber
67%
Plant Planter
67%
Arrive, reach Arriver, atteindre
66%
Decide Décider
66%
Refuse, decline Refuser, décliner
65%
Dance Danser
64%
Smoke Fumer
62%
Identify Identifier
62%
Sell, vend, peddle Vendre, démarcher
62%
Celebrate Fêter, célébrer
61%
Walk Marcher
61%
Pass Passer
60%
Answer, reply, respond Répondre, répliquer
60%
Confirm Confirmer, garantir, corroborer
59%
Metamorphose, transform Métamorphoser, transformer
59%
Follow Suivre
59%
Drive, steer Conduire
58%
Introduce, present Présenter
58%
Protect, guard Protéger, garder
58%
Cut, Trim Couper, tailler
57%
Divorce Divorcer
57%
Translate Traduire
57%
Change, modify Changer, modifier
56%
Minimise Minimiser
56%
Wake, awaken Réveiller
56%
Come Venir
55%
Arrest, apprehend Arrêter, appréhender
54%
Optimise, maximise Optimiser, maximiser
54%
Admit, confess, condede Admettre, confesser, concéder
53%
Code, encrypt Coder, crypter
53%
Decipher, decode Déchiffrer, décoder
53%
Marry Marier, épouser
53%
Interest Intéresser
52%
Look, regard Regarder, scruter, observer
52%
Stop, cease, halt Cesser, arrêter, stopper
51%
Mask Masquer
51%
Decorate, embellish Décorer, orner, parer, embellir
50%
Direct, guide Diriger, guider
50%
Study Étudier
50%
Congratulate Féliciter, congratuler
50%
Earn Gagner
50%
Play Jouer
50%
Eat, consumer Manger, consommer
50%
Make up, do makeup Maquiller
50%
Put Mettre
50%
Finish, end Terminer, finir
50%
Attack Attaquer, assaillir
49%
Believe, think Croire
49%
Destroy Détruire, anéantir
49%
Give, hand Donner, offrir
49%
Read Lire
49%
Speak, talk Parler, dire
49%
Reproduce, imitate Reproduire, imiter
49%
Stigmatise Stigmatiser
49%
Buy, purchase Acheter
48%
Love Aimer, affectionner
48%
Double Doubler
48%
Kiss Embrasser
48%
Insult Insulter, injurier
48%
Pay Payer
48%
Write Rédiger, écrire
48%
Meet Rencontrer
48%
Repeat Répéter, redire
48%
Visit Visiter
48%
See Voir, apercevoir
48%
Want, desire Vouloir, désirer, souhaiter
48%
Hate, destest Détester, haïr, exécrer
47%
Wait Attendre, patienter
46%
Base Baser
46%
Run Courir
46%
Do, make Faire
46%
Rent, let Louer
46%
Promise Promettre
46%
Serve Servir
46%
Empty Vider
46%
Analyse, interpret Analyser, interpréter
45%
Foresee, anticipate Anticiper, prévoir
45%
Clone, duplicate Clôner, dupliquer
45%
Win Gagner
45%
Fill Remplir
45%
Repair, fix, mend Réparer
45%
Scream, screech Crier, hurler
44%
Obey Obéir
44%
Opt for, choose Opter, choisir, décider
44%
Forget Oublier, omettre
44%
Reconcile Réconcilier
44%
Taste Goûter
43%
Throw, pitch Jeter, lancer
43%
Get, obtain Obtenir
43%
Live, exist Vivre, exister
43%
Vote Voter
43%
Admire Admirer
42%
Applaud, clap Applaudir
42%
Learn Apprendre
42%
Drink Boire, abreuver
42%
Count Compter
42%
Create Créer, fabriquer
42%
Desert Déserter
42%
Go into, enter Entrer, pénétrer
42%
Send, knock Envoyer
42%
Inform Informer
42%
Leave Laisser, quitter
42%
Swim Nager
42%
Book, reserve Réserver
42%
Seem, appear Sembler, apparaître
42%
Kill, assassinate Tuer, assassiner
42%
Justify Justifier, légitimer
41%
Show Montrer, afficher
41%
Orbit Orbiter
41%
Punish, discipline Punir, sévir, sanctionner
41%
Criticise, moan about Critiquer
40%
Falsify, counterfeit Falsifier, fausser, contrefaire
40%
Joke Plaisanter, blaguer
40%
Ski Skier
40%
Stain, dirty Tacher, salir, souiller
40%
Speed up, accelerate Accélérer
39%
Jostle, shove, push Bousculer, pousser
39%
Dress Habiller, vêtir
39%
Add Ajouter, additionner
38%
Apply Appliquer
38%
Shine, gleam Briller, luire
38%
Distribute Distribuer, répartir
38%
Motivate Motiver
38%
Phone, call Téléphoner, appeler
38%
Draw Dessiner
37%
Teach Enseigner, instruire
37%
Initial, sign Parapher, signer
37%
Measure, quantify Quantifier, mesurer
37%
Suffer Souffrir, endurer, supporter
37%
Spin, turn Tourner, retourner
37%
Have, own, possess Avoir, posséder
36%
Complete Compléter
36%
Hear Entendre, ouïr
36%
Flee, run away Fuir, enfuir
36%
Multiply Multiplier, démultiplier
36%
Paralyse Paralyser
36%
Cry Pleurer, geindre
36%
Bring Amener, apporter, emmener
35%
Surrender, capitulate Capituler
35%
Cultivate, grow, farm Cultiver
35%
Imprison, jail, incarcerate Emprisonner, incarcérer
35%
Lose, misplace Perdre, égarer
35%
Breathe Respirer, inspirer
35%
Roll Rouler
35%
Entertain, amuse Amuser, divertir
34%
Move Bouger, déménager
34%
Sing Chanter
34%
Order Commander
34%
Become Devenir
34%
Need Falloir, avoir besoin
34%
Mine Miner
34%
Notify, apprise Notifier, avertir
34%
Save, rescue Sauver, sauvegarder
34%
Leave, exit Sortir, quitter, partir
34%
Execute Exécuter
33%
Limit, restrict Limiter, restreindre
33%
Burn, blaze Brûler, embraser
32%
Go down Descendre
32%
Sleep Dormir, assoupir
32%
Pilot Piloter
32%
Surf Surfer
32%
Fulfil, accomplish Accomplir, réussir, réaliser
31%
Conquer, vanquish Conquérir, vaincre
31%
Explain Expliquer
31%
Imagine Imaginer
31%
Seduce, charm Séduire, charmer
31%
Work Travailler
31%
Act Agir, œuvrer
30%
Tan, bronze Bronzer
30%
Paste, stick, glue, bond Coller, engluer
30%
Glorify, extol Glorifier, louer, magnifier
30%
Raise Lever, élever, soulever
30%
Think Penser
30%
Rot, decay, decomposer Pourrir, décomposer, moisir
30%
Question, interrogate Questionner, interroger, demander
30%
Shave Raser
30%
Miss, fail Rater, échouer, manquer
30%
Reflect Refléter, miroiter
30%
Caugh Tousser
30%
Triple Tripler
30%
Travel Voyager
30%
Atomise Atomiser
29%
Disguise, dress up Déguiser, travestir
29%
Recruit Encarter, recruter
29%
Format Formater
29%
Guillotine Guillotiner
29%
Post, mail Poster, envoyer
29%
Colour Colorer, colorier, teinter
28%
Jeopardise, compromise Compromettre
28%
Confess Confesser, avouer
28%
Know Connaître, savoir
28%
Embark, board Embarquer, monter à bord
28%
Paint Peindre
28%
Give back Rendre
28%
Scare Apeurer, effrayer
27%
Automate Automatiser
27%
Chat, talk Bavarder, discuter, jaser
27%
Blue, turn blue Bleuir
27%
Connect, link Brancher, connecter, relier
27%
Combine Combiner, associer, allier
27%
Listen Écouter
27%
Freeze Geler, congeler
27%
Yelow, go yellow Jaunir
27%
Clean Nettoyer, récurer, laver
27%
Open Ouvrir
27%
Dive, plunge Plonger
27%
Adopt Adopter
26%
Disappoint Décevoir, désappointer
26%
Deduce, conclude Déduire, conclure
26%
Defend Défendre
26%
Ask, request Demander, solliciter
26%
Elect Élire
26%
Envy, covet Envier, convoiter
26%
Close, shut Fermer, clore
26%
Grow Grandir, croître
26%
Live Habiter, vivre
26%
Abduct, kidnap Kidnapper, enlever
26%
Be born Naître
26%
Name Nommer, appeler
26%
Pacify Pacifier
26%
Politicise Politiser
26%
Carry Porter, transporter
26%
Feel Ressentir
26%
Find Trouver, découvrir
26%
Rape Violer
26%
Authorise Autoriser, permettre
25%
Break, crack, shatter Casser, briser
25%
Crown Couronner
25%
Mutate Muter
25%
Laugh, laughter Rire
25%
Ring Sonner, tinter, tintinnabuler
25%
Fly Voler
25%
Enunciate, articulate Articuler
24%
Christen, baptise Baptiser
24%
Cook Cuisiner
24%
Steal, thieve Dérober, voler
24%
Store, accumulate Emmaganiser, accumuler
24%
Wipe Essuyer
24%
Forge Forger
24%
Judge Juger
24%
Polish, shine, buff Polir
24%
Ratify Ratifier
24%
Blush, redden Rougir, cramoisir
24%
Fall, tumble Tomber, choir
24%
Subscribe Abonner, souscrire
23%
Electrocute Électrocuter
23%
Estimate, reckon Évaluer, estimer
23%
Grill, toast Griller, toaster
23%
Place, put, set Poser, mettre
23%
Bake, roast Cuire, rôtir
22%
Defy, challenger Défier, braver
22%
Have to, must Devoir
22%
Discuss Discourir, discuter, déclamer
22%
Press, flatten Écraser, presser, aplatir
22%
Embellish, adorn Embellir, enjoliver
22%
Investigate Enquêter, investiguer
22%
Spell, spell out Épeler
22%
Cure, heal Guérir, soigner
22%
Rain Pleuvoir, bruiner
22%
Slow, slow down Ralentir
22%
Adjust, regulate Régler, ajuster
22%
Wish Souhaiter
22%
Pull Tirer
22%
Mow Tondre
22%
Unite, join Unir, joindre
22%
Water Arroser
21%
Sit Asseoir
21%
Record, burn, tape Enregistrer
21%
Keep Garder, conserver
21%
Insist Insister
21%
Massage, rub Masser
21%
Mix Mélanger, mixer
21%
Sail Naviguer, voguer
21%
Pray Prier
21%
Shiver, tremble Trembler, frissonner, frémir
21%
Bore Ennuyer
20%
Climb, scale Escalader, grimper
20%
Test, try Essayer, tester
20%
Exclaim Exclamer
20%
Skid, slide, slip Glisser, déraper, riper
20%
Officiate, preside Officier, présider
20%
Jump, leap Sauter, bondir, sursauter
20%
Smell Sentir, humer, flairer
20%
Go green Verdir
20%
Catch Attraper
19%
Germanise Germaniser
19%
Launch Lancer, envoyer
19%
Parley, negotiate Parlementer, négocier
19%
Publish, release Publier
19%
Whistle Siffler
19%
Mislead, cheat Tromper, tricher
19%
Shorten, abbreviate Abréger, raccourcir, condenser
18%
Frolic, flirt Batifoler, folâtrer, flirter
18%
Hide, conceal Cacher, dissimuler
18%
Click Cliquer
18%
Dope, drogue Doper
18%
Last Durer, subsister, perdurer
18%
Annoy, bother Ennuyer, importuner
18%
Gravitate Graviter
18%
Hellenise Hélléniser
18%
Operate on Opérer
18%
Plunder, pillage, sack Piller, dévaliser, saccager
18%
Pump Pomper
18%
Suck Sucer
18%
Validate, approve Valider, approuver
18%
Grow old, age Vieillir
18%
Land Atterrir
17%
Cover, wrap Couvrir, enrouler, recouvrir
17%
Experiment Expérimenter, essayer
17%
Push Pousser
17%
Raise, breed, farm Élever
16%
Blow up, inflate Gonfler
16%
Dare Oser, risquer
16%
Succeed Réussir, prospérer
16%
Stock Stocker, achalander
16%
Sweat, perspire Suer, transpirer
16%
Hit, strike Taper, frapper
16%
Abandon, drop, give up Abandonner, renoncer
15%
Argue Argumenter
15%
Swallow Avaler, déglutir
15%
Whiten Blanchir
15%
Deify Déifier
15%
Dupe, trick Duper, leurrer
15%
Found Fonder, constituer
15%
Deliver Livrer, délivrer
15%
Subtract Soustraire, ôter, déduire
15%
Vitrify Vitrifier
15%
Vomit Vomir
15%
Bury, inter Enterrer, inhumer
14%
Exhaust, tire Exténuer, fatiguer
14%
Fry Frire
14%
Gas Gazer
14%
Print Imprimer
14%
Bit Mordre
14%
Reinforce, strengthen Renforcer, fortifier, consolider
14%
Shake Secouer, agiter
14%
Beg Supplier, quémander
14%
Terrify Terrifier, épouvanter, terroriser
14%
Weaken, enfeeble Affaiblir
13%
Poison Empoisonner
13%
Bear, give birth Enfanter, donner naissance
13%
Flower, bloom, blossom Fleurir
13%
Tie, bind, fasten Lier, attacher, ficeler
13%
Milk Traire
13%
Trot Trotter
13%
Varnish Vernir
13%
Vinify Vinifier
13%
Build, construct, erect Construire, bâtir, ériger
12%
Gaze at, contemplate Contempler, admirer
12%
Dig, hollow out Creuser
12%
Leak Fuir
12%
Gallop, canter Galoper
12%
Marble Marbrer
12%
Weight Peser
12%
Harvest Récolter, cueillir
12%
Catapult, hurl Catapulter
11%
Overtake, pass Dépasser, doubler
11%
Grease, lubricate Graisser, lubrifier
11%
Mould, cast, form Mouler, former
11%
Saw Scier
11%
Carve, sculpt Sculpter
11%
Belong to Appartenir
10%
Like Apprécier
10%
Bomb Bombarder
10%
Tick, check Cocher
10%
Dematerialise Dématérialiser
10%
Dwell, reside Demeurer, résider
10%
Wander, roam, rove Errer, vagabonder
10%
Exploit Exploiter
10%
Squeak, creak Grincer, crisser
10%
Lick, lap Lécher, laper
10%
Blacken, darken Noircir
10%
Feel, palpate Palper, tâter
10%
Drill, pierce Percer, trouer
10%
Please, delight Plaire
10%
Bend, curve Plier, courber
10%
Rhyme Rimer
10%
Break up, split up Rompre
10%
Wring, Twist Tordre
10%
Classify, sort Trier, classer, ordonner
10%
Absolve, pardon Absoudre, amnistier, gracier
9%
Seed Égrainer, semer
9%
Irritate, annoy Énerver, agacer, exaspérer
9%
Appoint, hire Engager, embaucher
9%
Waste, squander, misspend Gaspiller, dilapider
9%
Homogenise, blend Homogénéiser
9%
Slim Maigrir, mincir, amaigrir, amincir
9%
Burgeon, bud Bourgeonner, éclore
8%
Trade Commercer
8%
Sew, stitch Coudre
8%
Take off Décoller
8%
Spank, smack Fesser, gifler
8%
Swell, fatten Grossir, engraisser
8%
Chop, mince Hacher, émincer
8%
Juggle Jongler
8%
Stroke, pet, fondle Caresser
7%
Sentence Condamner
7%
Sink, founder Couler, sombrer
7%
Demand Exiger, réclamer
7%
Explode, blow up Exploser
7%
Peel Peler
7%
Rust Rouiller
7%
Scalp Scalper
7%
Weld, solder Souder
7%
Stamp, frank Tamponner, oblitérer
7%
Screw Visser
7%
Knight, dub Adouber
6%
Lower, haul down Affaler, abaisser
6%
Press, push Appuyer
6%
Swing, rock Balancer
6%
Boil Bouillir
6%
Budget Budgéter
6%
Wax Cirer
6%
Cross, fold Croiser
6%
Gather, pick, pluck Cueillir, récolter
6%
Copper Cuivrer
6%
Tear, rip Déchirer
6%
Sneeze Éternuer
6%
Merge Fusionner, mêler, unifier
6%
Implode Imploser
6%
Dismiss, discharge Licencier, renvoyer, congédier
6%
Hammer, pound Marteler
6%
Gather Réunir, rassembler
6%
Secure, cordon off Sécuriser
6%
Knit Tricoter
6%
Bow, bend, arch Arrondir, bomber, courber
5%
Dry out, drain Assécher, drainer
5%
Hoe Biner, sarcler
5%
Validate, punch Composter
5%
Compete Concourir
5%
Gulp Déglutir, avaler
5%
Intoxicate Enivrer, droguer, griser
5%
Embrace Étreindre
5%
Bore, drill Forer
5%
Gallicise Franciser
5%
Harness Harnacher
5%
Collide Heurter, percuter
5%
Orgasm, climax Jouir
5%
Reap, harvest Moissonner
5%
Paddle Pagayer
5%
Shrink, shorten Rapetisser, réduire
5%
Bribe Soudoyer
5%
Hatch Éclore
4%
Skim, skim off Écrémer
4%
Undertake Entreprendre, commencer
4%
Bill, invoice Facturer
4%
Moisten, dampen Mouiller, humecter, tremper
4%
Fizz Pétiller
4%
Lay Pondre
4%
Soften Ramollir, assouplir
4%
Turn purple Violacer
4%
Deafen Assourdir
3%
Tile, pave Carreler, daller
3%
Whine Couiner
3%
Scrup, scratch Gratter, griffer
3%
Moo, low Meugler, beugler
3%
Shovel Pelleter
3%
Grasp Saisir, prendre
3%
Staple, hook Agrafer
2%
Glimpse Apercevoir
2%
Cork, plug, seal Boucher, obstruer, obturer
2%
Cackle, cluck Caqueter, glousser
2%
Gild Dorer
2%
Swaddle Emmailloter, langer
2%
Deseed Épépiner
2%
Grind, mill Moudre, concasser
2%
Slough Muer
2%
Chill, cool Rafraîchir, désaltérer
2%
Row Ramer
2%
Rake, rake up ratisser
2%
Prune Tailler, cisailler
2%
Tint, stain Teinter
2%
Stretch, extend Tendre
2%
Spray Vaporiser
2%
Glaze Vitrer
2%
Bleat Bêler
1%
Design, devise Concevoir, modeler, élaborer
1%
Weed Désherber
1%
Dazzle, blind Éblouir
1%
Tarmac Goudronner, bitumer
1%
Plane Raboter, aplanir
1%
Put down Reposer
1%
Tow Tracter, remorquer, haler
1%
Sit astride Chevaucher
0%
Burst, puncture Crever
0%
Riddle Cribler
0%
Affect Émouvoir, bouleverser, ébranler
0%
Dirty, clog Encrasser
0%
Neigh, whinny Hennir
0%
Sand Poncer
0%
Prowl Rôder
0%
Paper, upholster Tapisser
0%
No matching quizzes found
Score Distribution
Percent of People with Each Score
Percentile by Number Answered
Your Score History
You have not taken this quiz